000 00806cam a2200205 i 4500
005 20251110085911.0
008 250721s2022 jo gr 000 0 ara d
020 _a9789957338756
082 1 4 _a155.9
_bص ا ل
100 1 _aابراهيم، اكرام
_eمؤلف.
245 1 0 _aسيكولوجية الارهاب والتطرف العنيف /
_cالدكتورة إكرام صالح إبراهيم صالح.
250 _aالطبعة الأولى.
264 3 1 _aعمان :
_bمؤسسة الوراق للنشلر والتوزيع،
_c2022.
264 3 1 _aعمان :
_bبوابة المصادر للنشر والتوزيع،
_c2022.
300 _a150 صفحة.
650 1 7 _aالتطرفية.
650 1 7 _aعلم النفس البيئي.
942 _2ddc
_cBK
999 _c143961
_d143961